000 00600nam a22001937a 4500
999 _c180413
_d180413
005 20220218152739.0
010 _aENG-129693
020 _c300.00
_a9789390157068
035 _aEN-113225
037 _bDBAD/PUB
082 _a650.14
100 _aSinha,Mosam
245 _aWinning job Interview/
_cMosam Sinha
250 _a2020
260 _aNew Delhi
_bD.P.S Publishing House
_c2020
270 _a4598/12B,Gola Cottage, Ansari+- Road, Darya Ganj
_bNew Delhi
_e110002
_k011-43586184
_mdpspublishinghouse@gmail.com
300 _a85p.
_c24cm(pbk)
942 _2ddc
_cEN
_h650.14
_kSIN